| 000 | 01156nac a22002291u 4500 | ||
|---|---|---|---|
| 008 | 100923t xxu||||| |||| 00| 0 eng d | ||
| 010 | _a 92027286 | ||
| 020 | _a0471591300 (alk. paper) | ||
| 082 | 0 | 0 |
_a690.097309034 _bAMB |
| 100 |
_aAmbrose, James E. _919874 |
||
| 245 | 1 | 0 |
_aConstruction Revisited : _bAn Illustrated Guide to Construction Details of the Eearly 20th century / _cJames Ambrose. |
| 260 |
_aNew York : _bWiley, _cc1993. |
||
| 300 |
_a250 p. : _bill. ; _c30 cm. |
||
| 504 | _aIncludes bibliographical references (p. [233]-241) and index. | ||
| 650 | 0 |
_aBuilding _zUnited States _xHistory. _919875 |
|
| 650 | 0 |
_aArchitecture _zUnited States _y19th century. _919876 |
|
| 650 | 0 |
_aArchitecture _zUnited States _y20th century. _919877 |
|
| 856 | 4 |
_3Table of Contents _uhttp://www.loc.gov/catdir/toc/onix02/92027286.html |
|
| 856 | 4 |
_3Publisher description _uhttp://www.loc.gov/catdir/enhancements/fy0706/92027286-d.html |
|
| 942 |
_cBB _k690.097309034 AMB _2ddc |
||
| 999 |
_c1891 _d1891 |
||